000 00682nam a2200205Ii 4500
003 JO-AjNU
008 230606s9999||||xx |||||||||||||| ||und||
020 _a978-0-19-430922-6/978-0-19-430882-3
040 _aJO-AjNU
_beng
_erda
_cJO-AjNU
041 _aeng
050 1 4 _aPE1471.S28 2006
100 3 _aتاليف Savage,Alice;م.مشارك Patricia,Mayer,
_eauthor
_92074
245 0 0 _aEFFCTIVE :ACADEMIC WRITING 1:THE PARAGRAPH
264 3 1 _aNew York:Oxford University Press,2006
300 _a152p
336 _atext
_btxt
_2rdacontent
337 _aunmediated
_bn
_2rdamedia
338 _avolume
_bnc
_2rdacarrier
650 4 _aEFFCTIVE -ACADEMIC WRITING 2-THE PARAGRAPH
_92075
999 _aE1089
_c1089
_d1089